Sports Quiz

Random Sports or WWE Quiz

Hulk Hogan's Pay-Per-View Opponents Quiz Stats

Quiz not verified by Sporcle

Challenge
Share
Tweet
Embed
Score 0/144 Timer 10:00
0 Plays Today
Pay-Per-View Wrestler % Correct
Wrestlemania IIIAndre the Giant
97.8%
Survivor Series 1987Andre the Giant
97.8%
Wrestlemania IVAndre the Giant
97.8%
SummerSlam 1988Andre the Giant
97.8%
Wrestlemania VRandy Savage
97.7%
SummerSlam 1989Randy Savage
97.7%
No Holds BarredRandy Savage
97.7%
Bash at the Beach 1996Randy Savage
97.7%
Halloween Havoc 1996Randy Savage
97.7%
Uncensored 1998Randy Savage
97.7%
Great American Bash 1998Randy Savage
97.7%
Wrestlemania IRoddy Piper
96.6%
The Wrestling ClassicRoddy Piper
96.6%
Starrcade 1996Roddy Piper
96.6%
SuperBrawl VIIRoddy Piper
96.6%
Uncensored 1997Roddy Piper
96.6%
Halloween Havoc 1997Roddy Piper
96.6%
Spring Stampede 1998Roddy Piper
96.6%
Great American Bash 1998Roddy Piper
96.6%
Fall Brawl 1998Roddy Piper
96.6%
Judgment Day 2003Roddy Piper
96.6%
Bash at the Beach 1994Ric Flair
96%
Halloween Havoc 1994Ric Flair
96%
Slamboree 1995Ric Flair
96%
Uncensored 1996Ric Flair
96%
Fall Brawl 1996Ric Flair
96%
SuperBrawl IXRic Flair
96%
Uncensored 1999Ric Flair
96%
Spring Stampede 1999Ric Flair
96%
Uncensored 2000Ric Flair
96%
Survivor Series 1991The Undertaker
95.1%
This Tuesday in TexasThe Undertaker
95.1%
Judgment Day 2002The Undertaker
95.1%
Wrestlemania VIThe Ultimate Warrior
94.8%
Fall Brawl 1998The Warrior
94.8%
Halloween Havoc 1998The Warrior
94.8%
Wrestlemania X8The Rock
94.4%
No Way Out 2003The Rock
94.4%
Bash at the Beach 1996Sting
94.2%
Fall Brawl 1996Sting
94.2%
Starrcade 1997Sting
94.2%
SuperBrawl VIIISting
94.2%
Fall Brawl 1998Sting
94.2%
Spring Stampede 1999Sting
94.2%
Fall Brawl 1999Sting
94.2%
Halloween Havoc 1999Sting
94.2%
World War 3 1997*Kevin Nash
93.4%
Fall Brawl 1998Kevin Nash
93.4%
Pay-Per-View Wrestler % Correct
Road Wild 1999Kevin Nash
93.4%
Wrestlemania IXYokozuna
92.5%
King of the Ring 1993Yokozuna
92.5%
Wrestlemania 2King Kong Bundy
91.5%
Survivor Series 1987King Kong Bundy
91.5%
SummerSlam 1988Ted Dibiase
90.9%
Survivor Series 1988Ted Dibiase
90.9%
Survivor Series 1989Ted Dibiase
90.9%
Survivor Series 1990Ted Dibiase
90.9%
Wrestlemania IXTed Dibiase
90.9%
SummerSlam 2005Shawn Michaels
90.8%
Halloween Havoc 1995The Giant
90.2%
World War 3 1995*The Giant
90.2%
SuperBrawl VIThe Giant
90.2%
Hog Wild 1996The Giant
90.2%
Souled Out 1997The Giant
90.2%
Uncensored 1997The Giant
90.2%
Bash at the Beach 1997The Giant
90.2%
Spring Stampede 1998The Giant
90.2%
Wrestlemania IPaul Orndorff
89.5%
Royal Rumble 1992*Sid Justice
89%
Wrestlemania VIIISid Justice
89%
Wrestlemania VIISgt. Slaughter
88.7%
SummerSlam 1991Sgt. Slaughter
88.7%
Bash at the Beach 1996Lex Luger
87.8%
Fall Brawl 1996Lex Luger
87.8%
Uncensored 1997Lex Luger
87.8%
Bash at the Beach 1997Lex Luger
87.8%
Road Wild 1997Lex Luger
87.8%
Fall Brawl 1998Lex Luger
87.8%
SuperBrawl 2000The Total Package
87.8%
Backlash 2002Triple H
85.7%
Wrestlemania XIXMr. McMahon
84.5%
Bash at the Beach 1998Diamond Dallas Page
83%
Road Wild 1998Diamond Dallas Page
83%
Fall Brawl 1998Diamond Dallas Page
83%
Spring Stampede 1999Diamond Dallas Page
83%
SummerSlam 2006Randy Orton
82.8%
Fall Brawl 1995Shark
80.7%
Wrestlemania IXIrwin R. Schyster
80.3%
Uncensored 1996Z-Gangsta
79.7%
SummerSlam 1991Colonel Mustafa
79.6%
SummerSlam 1989Zeus
79.3%
Survivor Series 1989Zeus
79.3%
No Holds BarredZeus
79.3%
SummerSlam 1990Earthquake
78.6%
Survivor Series 1990Earthquake
78.6%
Royal Rumble 1991*Earthquake
78.6%
Pay-Per-View Wrestler % Correct
Royal Rumble 1990*Mr. Perfect
77.9%
Uncensored 1996Arn Anderson
76.9%
Fall Brawl 1996Arn Anderson
76.9%
Uncensored 1997Jeff Jarrett
75.7%
Bash at the Beach 2000Jeff Jarrett
75.7%
King of the Ring 2002Kurt Angle
75.4%
SuperBrawl VVader
74.5%
Uncensored 1995Vader
74.5%
Slamboree 1995Vader
74.5%
Bash at the Beach 1995Vader
74.5%
Survivor Series 1990Haku
73.5%
Fall Brawl 1995Meng
73.5%
Uncensored 1996Meng
73.5%
Survivor Series 1988Haku
73.2%
Survivor Series 1987One Man Gang
72.7%
Survivor Series 1987Rick Rude
72.7%
Survivor Series 1988Akeem
72.7%
Royal Rumble 1989*Akeem
72.7%
Uncensored 1997Chris Benoit
70.6%
Fall Brawl 1995Zodiac
69.7%
Survivor Series 1988The Big Boss Man
69.4%
Royal Rumble 1989*The Big Boss Man
69.4%
Survivor Series 1989The Barbarian
68.1%
Survivor Series 1990The Barbarian
68.1%
Uncensored 1996The Barbarian
68.1%
Starrcade 1994The Butcher
66.4%
Survivor Series 1989The Warlord
65.9%
Survivor Series 1990The Warlord
65.9%
SummerSlam 1991General Adnan
64.3%
Uncensored 1997Scott Steiner
64.2%
Uncensored 1996Kevin Sullivan
62.2%
Slamboree 2000Billy Kidman
61.5%
Great American Bash 2000Billy Kidman
61.5%
Survivor Series 1990Rick Martel
60.8%
Survivor Series 1990Hercules
59.9%
Vengeance 2002Christian
59.7%
Road Wild 1998Jay Leno
58.9%
Bash at the Beach 1998Karl Malone
58.2%
Backlash 2005Muhammad Hassan
56.6%
Survivor Series 1990Dino Bravo
55.4%
Vengeance 2002Lance Storm
54.8%
Survivor Series 1990Paul Roma
53.9%
Survivor Series 1987Butch Reed
52.7%
Uncensored 1997Steve McMichael
51.6%
Backlash 2005Daivari
51.6%
Fall Brawl 1995Kamala
47%
Survivor Series 1988The Red Rooster
43.3%
Uncensored 1996The Ultimate Solution
34.9%

You're not logged in!

Compare scores with friends on all Sporcle quizzes.
Sign Up with Email
OR
Log In

You Might Also Like...

Show Comments

Extras

Top Quizzes Today


Score Distribution

Your Account Isn't Verified!

In order to create a playlist on Sporcle, you need to verify the email address you used during registration. Go to your Sporcle Settings to finish the process.